Boeing 727 operators as of February 2025 - Statistics

General Stats
  • This quiz has been taken 12 times
  • The average score is 3 of 14
Answer Stats
Number Airline % Correct
2 Aerosucre
100%
1 UniWorld Air Cargo
29%
2 USA Jet Airlines
29%
2 Air Class Lineas Aereas
14%
1 Everts Air Cargo
14%
1 Gulf & Caribbean Cargo
14%
3 IFL Group
14%
9, all currently inactive Kalitta Charters II
14%
1 Malibu Consulting
14%
3 Mexican government
14%
2 Oil Spill Response
14%
4 Serve Air Cargo
14%
1 Vallejo Company
14%
1 Zero Gravity Corporation
14%
No matching quizzes found
Score Distribution
Percent of People with Each Score
Percentile by Number Answered
Your Score History
You have not taken this quiz